ARRUPE JESUIT UNIVERSITY

CORONAVIRUS -STOP THE SPREAD - CLEAN,DISINFECT,COVER

African traditional religions (Record no. 20496)

MARC details
000 -LEADER
fixed length control field 00588nam a2200205Ia 4500
003 - CONTROL NUMBER IDENTIFIER
control field 0100
008 - FIXED-LENGTH DATA ELEMENTS--GENERAL INFORMATION
fixed length control field 130303s9999 xx 000 0 und d
040 ## - CATALOGING SOURCE
Transcribing agency ARRUPELIB
050 ## - LIBRARY OF CONGRESS CALL NUMBER
Classification number BL2462.5.A38 1990
100 ## - MAIN ENTRY--PERSONAL NAME
Personal name Olupona, Jacob K
245 ## - TITLE STATEMENT
Title African traditional religions
245 ## - TITLE STATEMENT
Remainder of title In contemporary society
260 ## - PUBLICATION, DISTRIBUTION, ETC. (IMPRINT)
Place of publication, distribution, etc NY
260 ## - PUBLICATION, DISTRIBUTION, ETC. (IMPRINT)
Name of publisher, distributor, etc Paragon House
260 ## - PUBLICATION, DISTRIBUTION, ETC. (IMPRINT)
-- 1990
300 ## - PHYSICAL DESCRIPTION
Extent 204p
650 ## - SUBJECT ADDED ENTRY--TOPICAL TERM
Topical term following geographic name as entry element Evangelists-United States-Biography Evangelicalism-England-History-18th Century Evangelicalism-United States-18th Century
700 ## - ADDED ENTRY--PERSONAL NAME
Personal name ed. by J.K. Olupona
942 00 - ADDED ENTRY ELEMENTS (KOHA)
Koha issues (borrowed), all copies 15
Holdings
Withdrawn status Lost status Source of classification or shelving scheme Damaged status Not for loan Collection code Home library Current library Shelving location Date acquired Total Checkouts Full call number Barcode Checked out Date last seen Date checked out Copy number Price effective from Koha item type
    Library of Congress Classification     REFERENCE ARRUPE LIBRARY ARRUPE LIBRARY REFERENCE 04/03/2013 45 BL2462.5.A38 1990 46003035367 06/03/2026 04/02/2026 04/02/2026 1 04/03/2013 Monograph ( Printed materials)

 

Arrupe Library. PO Box MP320 Mt Pleasant, Harare, Zimbabwe
263 242 745411|librarian@aju.ac.zw